Click the System of a Down Song Title Ending - Statistics

General Stats
  • This quiz has been taken 376 times
  • The average score is 12 of 18
Answer Stats
Hint Answer % Correct
Chop Suey!
97%
F*** the System
81%
Lonely Day
80%
She's Like Heroin
76%
Violent Pornography
76%
Radio/ Video
74%
Lost in Hollywood
69%
Prison Song
68%
Vicinity of Obscenity
67%
Chic 'n' Stu
67%
Mr. Jack
65%
Deer Dance
63%
Protect the Land
61%
Ego Brain
58%
Soldier Side
49%
Holy Mountains
48%
Stealing Society
48%
Sad Statue
46%
No matching quizzes found
Score Distribution
Percent of People with Each Score
Percentile by Number Answered
Your Score History
You have not taken this quiz